| 000 | 03401nab a22006737 4500 | ||
|---|---|---|---|
| 003 | AR-RoUNA | ||
| 022 | _a0327-9022 | ||
| 040 |
_aAR-RoUNA _bspa |
||
| 041 | _aspa | ||
| 044 | _aag | ||
| 245 |
_aSumma+ / _bVivienda Colectiva |
||
| 260 |
_aBuenos Aires (Argentina): _cDonn SA, _b1993. |
||
| 300 |
_a128 p. : _bil. byn. _bplanos _c34X25 cm. |
||
| 505 | 0 | _tINDICE | |
| 505 | 0 | _aEXPERIMENTACIONES TIPOLÓGICAS | |
| 505 | 0 | _tRIESGO, COMUNIDAD, BARRIO Y BENEFICIO | |
| 505 | 0 | _aZanderroth Arch. / Bigyard Zelterstrabe 5 ,Berlín, Alemania, 2010. p. 6 | |
| 505 | 0 | _tUN LUGAR PARA LO COMÚN, NO ES UN LUGAR COMÚN | |
| 505 | 0 | _aMathias Klotz y Edgardo Minod / Soda Haus, CABA, 2013. p. 14 | |
| 505 | 0 | _tLA UNIFORMIDAD DE UN CONJUNTO QUE ESTÁ EN CONSTANTE MOVIMIENTO | |
| 505 | 0 | _aEsteban-Tannenbaum-Tannenbaum / Edificio de Viviendas Sucre 4444, CABA, 2013. p. 20 | |
| 505 | 0 | _tLA PROPIEDAD DE LO HORIZONTAL | |
| 505 | 0 | _aTacda arqs. / Vila Aphins, Brasil, 2013. p. 28 | |
| 505 | 0 | _tPATIO COMPARTIDO | |
| 505 | 0 | _aCorsi Hirano arq. / Casas AV, San Pablo, Brasil, 2013. p. 32 | |
| 505 | 0 | _tINSERCIONES URBANAS | |
| 505 | 0 | _tTENTADORAS GEOMETRÍAS IRREGULARES | |
| 505 | 0 | _aSPBR arq. / Baserga Mozzetti / Edificio Casa Pico, Lugano, Suiza, 2013. p. 42 | |
| 505 | 0 | _tSUCESIÓN DE PATIOS VERTICALES | |
| 505 | 0 | _aCabrera - Pieretti - Clusellas - O´Connor - Sebastían Colle / Guatemala 6002, CABA, 2012. p. 48 | |
| 505 | 0 | _tENCASTRE DE LOS CUATRO ELEMENTOS | |
| 505 | 0 | _aLlama Urban Design / Edificio Residencial Alfredo Salazar, Lima, Perú, 2012. p. 54 | |
| 505 | 0 | _tVACÍOS HABITADOS EN ALTURA | |
| 505 | 0 | _aCBAYA / Vecindario 1 de Mayo, Prov. Santa Fe, 2013. p. 60 | |
| 505 | 0 | _tVIVIENDA SOCIAL | |
| 505 | 0 | _tTODAS LAS ESCALAS | |
| 505 | 0 | _aMMBB G H+F / Conjunto Habitacional Jardim Edite, San Pablo, Brasil, 2013. p. 70 | |
| 505 | 0 | _tLA UNIDAD DEL HÍBRIDO | |
| 505 | 0 | _aAmann - Cánovas - Maruri arq. / 118 Viviendas en Coslada, Madrid, 2012. p. 78 | |
| 505 | 0 | _aDavid Learherbarrow / Recomenzando: la tarea de la investigación proyectual. p. 88 | |
| 505 | 0 | _aAbilio Guerra / Universidad y Crítica de arquitectura en Brasil. p. 94 | |
| 505 | 0 | _aLouise Noelle / Arquitectura y espacio urbano: memorias del futuro, seminario de arquitectura latinoamericana en Bogotá. p. 100 | |
| 505 | 0 | _tCONVERGENCIA DE IDEAS: XIV Bienal Internacional de Buenos Aires | |
| 505 | 0 | _aPaula De Falco / Cerrando El Cículo: Exposición Clorindo Testa. p. 110 | |
| 505 | 0 | _tPASADO Y PRESENTE EN FOCO: 10 + 10 casas modernistas y contemporáneas de Brasil | |
| 505 | 0 | _aMercedes Peralta / El aire en otros planetas. La energía como material. p. 118 | |
| 505 | 0 | _aRafael E.J. Iglesia / Cruzando el arroyo. p. 120 | |
| 505 | 0 | _aRuth Verde Zein / Metáforas, símiles y prejuicios. p. 122 | |
| 505 | 0 | _aRoberto Fernández / El excéntrico Señor Lee. p. 125 | |
| 505 | 0 | _aAlejandría / Por los cuatro de Egipto: Horacio Caride Bartrons, David Dal Castello, Rita Molinos, Mario Sabugo. p. 126 | |
| 505 | 0 | _aMario Sabugo / ¿ Es la arquitectura un arte?. p. 128 | |
| 650 | _2Arquitectura conteporánea | ||
| 650 |
_aEspacio público _9333 |
||
| 773 | 0 |
_aSumma+ _dBuenos Aires, Argentina _gNº134 (feb, 2014), p. 128 _x0327-9022 |
|
| 908 | _aImp | ||
| 942 |
_2udc _cART |
||
| 945 | _d2022-07-08 | ||
| 980 |
_6138 _aCarolina Rainero _8138 _gCarolina Rainero |
||
| 999 |
_c12281 _d12281 |
||